| 000 | 00661nam a22001217a 4500 | ||
|---|---|---|---|
| 040 | _cRUA | ||
| 082 | _aAVM LAY 2025 B705 Or.1 | ||
| 100 | _aLAY PHALIN, ឡាយ ផាលីន | ||
| 245 | _aCase of feline otitis externa at veterinary hospital in sangkat boeung keng kang1, khan boeung keng kang, phnom penh. ករណីជំងឺ Otitis externa លើពិឡារ នៅមន្ទីរពេទ្យសត្វ ក្នុងសង្កាត់បឹងកេងកង១ ខណ្ឌបឹងកេងកង រាជធានីភ្នំពេញ | ||
| 260 |
_aphnom penh _brua _c2025 |
||
| 300 |
_aix,34p. _bill _c29cm |
||
| 942 | _cAVM | ||
| 999 |
_c25813 _d25813 |
||